<?xml version="1.0" encoding="UTF-8"?>
<record
    xmlns:xsi="http://www.w3.org/2001/XMLSchema-instance"
    xsi:schemaLocation="http://www.loc.gov/MARC21/slim http://www.loc.gov/standards/marcxml/schema/MARC21slim.xsd"
    xmlns="http://www.loc.gov/MARC21/slim">

  <leader>01439nam1a22002651i 4500</leader>
  <controlfield tag="001">rc\4592934</controlfield>
  <controlfield tag="005">20260406181050.0</controlfield>
  <datafield tag="035" ind1=" " ind2=" ">
    <subfield code="a">(NLR Aleph) 008384734</subfield>
  </datafield>
  <datafield tag="090" ind1=" " ind2=" ">
    <subfield code="a">9139807</subfield>
    <subfield code="c">9139807</subfield>
  </datafield>
  <datafield tag="100" ind1=" " ind2=" ">
    <subfield code="a">20130416d1968    k||y0rusy50      ca</subfield>
  </datafield>
  <datafield tag="101" ind1="0" ind2=" ">
    <subfield code="a">rus</subfield>
  </datafield>
  <datafield tag="102" ind1=" " ind2=" ">
    <subfield code="a">RU</subfield>
  </datafield>
  <datafield tag="105" ind1=" " ind2=" ">
    <subfield code="a">    j   |||||</subfield>
  </datafield>
  <datafield tag="200" ind1="1" ind2=" ">
    <subfield code="a">&#x41C;&#x435;&#x442;&#x43E;&#x434;&#x44B; &#x440;&#x430;&#x441;&#x447;&#x435;&#x442;&#x430; &#x44D;&#x43A;&#x441;&#x43F;&#x43B;&#x443;&#x430;&#x442;&#x430;&#x446;&#x438;&#x43E;&#x43D;&#x43D;&#x43E;&#x439; &#x43D;&#x430;&#x434;&#x435;&#x436;&#x43D;&#x43E;&#x441;&#x442;&#x438; &#x441;&#x43B;&#x43E;&#x436;&#x43D;&#x44B;&#x445; &#x441;&#x438;&#x441;&#x442;&#x435;&#x43C;</subfield>
    <subfield code="e">&#x43B;&#x435;&#x43A;&#x446;&#x438;&#x438; 1-16</subfield>
    <subfield code="f">&#x41A;&#x438;&#x435;&#x432;&#x441;&#x43A;&#x438;&#x439; &#x434;&#x43E;&#x43C; &#x43D;&#x430;&#x443;&#x447;&#x43D;&#x43E;-&#x442;&#x435;&#x445;&#x43D;&#x438;&#x447;&#x435;&#x441;&#x43A;&#x43E;&#x439; &#x43F;&#x440;&#x43E;&#x43F;&#x430;&#x433;&#x430;&#x43D;&#x434;&#x44B;. &#x41E;&#x431;&#x449;&#x435;&#x441;&#x442;&#x432;&#x43E; "&#x417;&#x43D;&#x430;&#x43D;&#x438;&#x435;" &#x423;&#x421;&#x421;&#x420;. &#x41A;&#x438;&#x435;&#x432;&#x441;&#x43A;&#x43E;&#x435; &#x432;&#x44B;&#x441;&#x448;&#x435;&#x435; &#x438;&#x43D;&#x436;&#x435;&#x43D;&#x435;&#x440;&#x43D;&#x43E;&#x435; &#x440;&#x430;&#x434;&#x438;&#x43E;&#x442;&#x435;&#x445;&#x43D;&#x438;&#x447;&#x435;&#x441;&#x43A;&#x43E;&#x435; &#x443;&#x447;&#x438;&#x43B;&#x438;&#x449;&#x435; &#x43F;&#x440;&#x43E;&#x442;&#x438;&#x432;&#x43E;&#x432;&#x43E;&#x437;&#x434;&#x443;&#x448;&#x43D;&#x43E;&#x439; &#x43E;&#x431;&#x43E;&#x440;&#x43E;&#x43D;&#x44B;</subfield>
  </datafield>
  <datafield tag="210" ind1=" " ind2=" ">
    <subfield code="a">&#x41A;&#x438;&#x435;&#x432;</subfield>
    <subfield code="d">1968</subfield>
  </datafield>
  <datafield tag="333" ind1=" " ind2=" ">
    <subfield code="a">&#x414;&#x43B;&#x44F; &#x432;&#x43D;&#x443;&#x442;&#x440;&#x438;&#x432;&#x435;&#x434;&#x43E;&#x43C;&#x441;&#x442;&#x432;&#x435;&#x43D;&#x43D;&#x43E;&#x439; &#x43F;&#x440;&#x43E;&#x434;&#x430;&#x436;&#x438;</subfield>
  </datafield>
  <datafield tag="606" ind1="1" ind2=" ">
    <subfield code="a">&#x418;&#x43D;&#x444;&#x43E;&#x440;&#x43C;&#x430;&#x446;&#x438;&#x43E;&#x43D;&#x43D;&#x44B;&#x435; &#x441;&#x438;&#x441;&#x442;&#x435;&#x43C;&#x44B;</subfield>
    <subfield code="j">&#x423;&#x447;&#x435;&#x431;&#x43D;&#x44B;&#x435; &#x438;&#x437;&#x434;&#x430;&#x43D;&#x438;&#x44F; &#x434;&#x43B;&#x44F; &#x432;&#x44B;&#x441;&#x448;&#x438;&#x445; &#x443;&#x447;&#x435;&#x431;&#x43D;&#x44B;&#x445; &#x437;&#x430;&#x432;&#x435;&#x434;&#x435;&#x43D;&#x438;&#x439;</subfield>
    <subfield code="x">&#x420;&#x430;&#x437;&#x440;&#x430;&#x431;&#x43E;&#x442;&#x43A;&#x430;</subfield>
    <subfield code="9">1193825</subfield>
    <subfield code="3">RU\NLR\AUTH\66482202</subfield>
  </datafield>
  <datafield tag="686" ind1="1" ind2=" ">
    <subfield code="a">&#x437;973.233.02-02&#x44F;73</subfield>
  </datafield>
  <datafield tag="712" ind1="0" ind2="2">
    <subfield code="4">475</subfield>
    <subfield code="a">&#x41A;&#x438;&#x435;&#x432;&#x441;&#x43A;&#x43E;&#x435; &#x432;&#x44B;&#x441;&#x448;&#x435;&#x435; &#x438;&#x43D;&#x436;&#x435;&#x43D;&#x435;&#x440;&#x43D;&#x43E;&#x435; &#x440;&#x430;&#x434;&#x438;&#x43E;&#x442;&#x435;&#x445;&#x43D;&#x438;&#x447;&#x435;&#x441;&#x43A;&#x43E;&#x435; &#x443;&#x447;&#x438;&#x43B;&#x438;&#x449;&#x435; &#x432;&#x43E;&#x439;&#x441;&#x43A; &#x41F;&#x412;&#x41E; &#x441;&#x442;&#x440;&#x430;&#x43D;&#x44B; &#x438;&#x43C;. &#x410;. &#x418;. &#x41F;&#x43E;&#x43A;&#x440;&#x44B;&#x448;&#x43A;&#x438;&#x43D;&#x430;</subfield>
    <subfield code="3">RU\NLR\AUTH\889945759</subfield>
    <subfield code="9">386957</subfield>
  </datafield>
  <datafield tag="801" ind1=" " ind2="0">
    <subfield code="a">RU</subfield>
    <subfield code="b">NLR</subfield>
    <subfield code="g">psbo</subfield>
  </datafield>
  <datafield tag="801" ind1=" " ind2="1">
    <subfield code="a">RU</subfield>
    <subfield code="b">ELAR</subfield>
    <subfield code="2">rusmarc</subfield>
  </datafield>
  <datafield tag="852" ind1=" " ind2=" ">
    <subfield code="a">NLR</subfield>
    <subfield code="j">50&#x41A;/20043 (1-4, 9-16)</subfield>
  </datafield>
  <datafield tag="852" ind1=" " ind2=" ">
    <subfield code="a">NLR</subfield>
    <subfield code="j">70-5/4875 (5-8)</subfield>
  </datafield>
  <datafield tag="942" ind1=" " ind2=" ">
    <subfield code="c">BOOK</subfield>
  </datafield>
</record>
